000 00432cam a2200145 4500500
005 20260111093258.0
041 _afre
042 _adc
100 1 0 _aSchmid, Lucile
_eauthor
245 0 0 _aLa fin des domaines réservés
260 _c2017.
500 _a7
786 0 _nEsprit | Septembre | 9 | 2017-09-01 | p. 52-60 | 0014-0759
856 4 1 _uhttps://shs.cairn.info/revue-esprit-2017-9-page-52?lang=fr&redirect-ssocas=7080
999 _c1625912
_d1625912